000 00322nam a2200121Ia 4500
008 240624s9999 xx 000 0 und d
041 _aeng
082 _a615.1054 CHA
100 _aCHAGANTI SUBBA RAO
245 _aPHARMACEUTICAL MARKETING IN INDIA
260 _c2008
_aNew Delhi
_bExcel Book
300 _a408 : p. : cm. ; 28
999 _c21024
_d21024